| 000 | 00794cab a2200253 4500 | ||
|---|---|---|---|
| 001 | ABS47889 | ||
| 008 | 090401t1992 xxu||||| |||| 00| 0 eng d | ||
| 035 | _a(Sirsi) u63905 | ||
| 041 | _aeng | ||
| 245 | _aBerlin building regulations | ||
| 260 | _c1992 | ||
| 350 | _a0 | ||
| 490 |
_aKonstrukt Germany _v1(6) November/December 1992, 19-20 (2) |
||
| 520 | _aContinuation of the reproduction of the building regulations starting at "Part 5 Control and Administrative Procedures" para57. See also ABS47717. | ||
| 650 | _aBERLIN | ||
| 650 |
_aBUILDING CONTROL _96222 |
||
| 650 | _aBUILDING LICENCES | ||
| 650 |
_aBUILDING REGULATIONS _96224 |
||
| 650 | _aGERMANY | ||
| 690 | _aBUILDING AND CONSTRUCTION-REGULATIONS | ||
| 690 | _aOVERSEAS-EUROPE | ||
| 942 | _n0 | ||
| 948 | _c04/03/1997 | ||
| 999 |
_c39761 _d39761 |
||